00466nam a2200181 a 4500001001300000003000900013005001700022008004100039020001000080082001700090100001300107245003700120260005000157300000900207500003500216650002000251700001300271nice12345678IN_TiNIC20260116011907.0070628s0000 boma grp 000 0 per  ac10000a297.82bNAS1 aNasifi,  aBahgiat-Ur-raid-f-sharh-il-aqaid aBombay bShethia Audio Vidio Pvt. Ltd. c0000 a112p aincludes index and biblioraphy aShiah-Doctrines1 aNasifi,